Star Wars by letter - B - Statistics

General Stats
  • This quiz has been taken 42 times
    28 since last reset
  • The average score is 11 of 26
Answer Stats
Hint Answer % Correct
The most famous bounty hunter Boba Fett
100%
Ball droid and friend of Poe Dameron BB-8
95%
Planet of Cloud City Bespin
84%
Luke Skywalker's aunt Beru Lars
74%
Reptilian bounty hunter Bossk
68%
Leia's father Bail Organa
63%
Female mandalorian, gifted warrior and wielder of the darksaber Bo-Katan Kryze
63%
Leader of the Gungan species on Naboo Boss Nass
53%
First infantry of the Separatist Army B1 (Battle Droid)
47%
Jabba the Hutt's twi'lek majordomo Bib Fortuna
47%
Large vessel filled with a liquid healing agent and used to treat injuries Bacta tank
42%
Rebel pilot and long-time friend of Luke Biggs Darklighter
42%
Legendary steel used by the Mandalorians to build armors capable of withstand blaster bolts Beskar
37%
The most famous podrace on Tatooine Boonta Eve
37%
Large and furry mammal one can find in the deserts of Tatooine Bantha
32%
Inexperimented and terrified podracer whose engines didn't even ignite at the start of the race that saw Anakin's victory on Tatooine Ben Quadinaros
32%
Rebel woman and love interest of Cassian Bix Caleen
26%
Han's favourite weapon Blaster pistol
26%
Insidious insect-like weapons unveiled by the Separatist Army during the later stages of the Clone Wars, they are tenacious saboteurs launched onto enemy starfighters via specialized missiles Buzz Droids
26%
Lightsaber-wielding mercenary for hire and constantly in search of power, he allied himself to Morgan Elsbeth after the fall of the Empire Baylan Skoll
21%
Tiny droidsmith working among the spice runners on Kijimi Babu Frik
16%
Resistance team led by Poe to attack the Starkiller base Blue Squadron
16%
When hunting for Grievous on Utapau, Obi-Wan used this big lizard as a transport Boga
16%
Planet where decommissioned ships are brought from all over the galaxy Bracca
16%
Headquarters of the Rebellion on Yavin IV Base One
11%
Poe's personal X-Wing Black One
11%
No matching quizzes found
Score Distribution
Percent of People with Each Score
Percentile by Number Answered
Your Score History
You have not taken this quiz since the last reset